| 000 | 00576cam a22001697a 4500 | ||
|---|---|---|---|
| 008 | 180718b2011 xxu||||| |||| 00| 0 eng d | ||
| 020 | _a9788121211338 | ||
| 082 | _aBA27x5414 M687h | ||
| 100 | _aMishra, Bijoya | ||
| 245 |
_aHigher education of SC/ST girls in Orissa: a study of participation and attainment _cby Bijoya Mishra |
||
| 260 |
_aNew Delhi _bGyan _c2011 |
||
| 300 | _a298p. | ||
| 650 | _aEducation and state--India--Orissa | ||
| 650 | _aEducation, Higher--India--Orissa | ||
| 650 | _aDalits--Education--India--Orissa | ||
| 650 | _aGirls--Education--India--Orissa | ||
| 999 |
_c442512 _d442512 |
||